| 000 | 01795nam a2200505 i 4500 | ||
|---|---|---|---|
| 001 | 54809 | ||
| 003 | KOSZ 005 | ||
| 005 | 20210317082655.0 | ||
| 008 | 050608s2004 pl a f |001 0 pol | ||
| 015 | _aUWD 2005/10597 | ||
| 020 | _a8320429749 | ||
| 035 | _a991027199809705066 | ||
| 035 | _a(PL-WaBN)b17379301-48omnis_nlop | ||
| 035 | _ab17379301 | ||
| 035 | _a(OCoLC)749541068 | ||
| 035 | _a(PL)b0000001737930 | ||
| 035 | _a(EXLNZ-48OMNIS_NETWORK)9910052967005606 | ||
| 040 |
_aWA N _cWA N _dKOSZ 005/HR |
||
| 041 | 1 |
_apol _heng |
|
| 080 | _a004.436 | ||
| 080 | _a(07) | ||
| 100 | 1 |
_aSkahill, Kevin _eAutor |
|
| 245 | 1 | 0 |
_aJęzyk VHDL : _bprojektowanie programowalnych układów logicznych / _cKevin Skahill ; z ang. przeł. Andrzej Kazimierz Pułka. |
| 246 | 1 |
_iTyt. oryg.: _aVHDL for programmable logic, _f1996 |
|
| 250 | _aWyd. 2. | ||
| 260 |
_aWarszawa : _bWydawnictwa Naukowo-Techniczne, _c2004. |
||
| 300 |
_aXV, [1], 640 s. : _brys., wykr. ; _c25 cm + _eDysk optyczny (CD-RM). |
||
| 336 |
_aTekst _btxt _2rdacontent |
||
| 337 |
_aBez urządzenia pośredniczącego _bn _2rdamedia |
||
| 338 |
_aWolumin _bnc _2rdacarrier |
||
| 380 | _aKsiążki | ||
| 380 | _aPublikacje fachowe | ||
| 388 | _a2001- | ||
| 504 | _aBibliogr. s. 633-635. Indeks. | ||
| 650 | 7 |
_aUkład programowalny _2DBN |
|
| 650 | 7 | _aUkład logiczny | |
| 650 | 7 |
_aVHDL (język programowania) _2DBN |
|
| 655 | 7 |
_aPodręcznik _2DBN |
|
| 658 | _aInformatyka i technologie informacyjne | ||
| 700 | 1 |
_aPułka, Andrzej Kazimierz _eTłumaczenie |
|
| 710 | 2 |
_aWydawnictwa Naukowo-Techniczne _4pbl |
|
| 856 |
_uhttp://koha.tu.koszalin.pl/cgi-bin/koha/opac-detail.pl?biblionumber=54809 _yKatalog online BPK |
||
| 942 |
_2UKD _cKS |
||
| 999 |
_c54809 _d54809 |
||